00290nam a2200097Ia 4500008004100000245002600041500007400067650002700141942000700168999001700175181011s9999 xx 000 0 und d 0aWho was Henry Martyn? aThe Bulletin of Henry Martyn school of Islamic Studies Jan -Mar 1951 aHenry Martyn Institute cBR c21806d21806